Corenet Global (Record no. 120092)

MARC details
000 -LEADER
fixed length control field 00849cam a2200217 4500
001 - CONTROL NUMBER
control field WS118820
008 - FIXED-LENGTH DATA ELEMENTS--GENERAL INFORMATION
fixed length control field 020715n 000 0 eng u
035 ## - SYSTEM CONTROL NUMBER
System control number (Sirsi) u118820
110 ## - MAIN ENTRY--CORPORATE NAME
Corporate name or jurisdiction name as entry element Corenet Global
9 (RLIN) 4279
245 ## - TITLE STATEMENT
Title Corenet Global
520 ## - SUMMARY, ETC.
Summary, etc. Web site for this organisation for business leaders 'engaged in the strategic management of real estate for major corporations worldwide'. Includes details of their compensation survey, a software directory and a discussion forum.
650 ## - SUBJECT ADDED ENTRY--TOPICAL TERM
Topical term or geographic name entry element ORGANISATION
650 ## - SUBJECT ADDED ENTRY--TOPICAL TERM
Topical term or geographic name entry element INTERNATIONAL
650 ## - SUBJECT ADDED ENTRY--TOPICAL TERM
Topical term or geographic name entry element FACILITIES MANAGEMENT
9 (RLIN) 6240
650 ## - SUBJECT ADDED ENTRY--TOPICAL TERM
Topical term or geographic name entry element SOFTWARE
650 ## - SUBJECT ADDED ENTRY--TOPICAL TERM
Topical term or geographic name entry element Valuation
9 (RLIN) 6273
650 ## - SUBJECT ADDED ENTRY--TOPICAL TERM
Topical term or geographic name entry element Management consultancy
9 (RLIN) 6255
690 ## - LOCAL SUBJECT ADDED ENTRY--TOPICAL TERM (OCLC, RLIN)
Topical term or geographic name as entry element PROPERTY-COMMERCIAL PROPERTY
856 40 - ELECTRONIC LOCATION AND ACCESS
Uniform Resource Identifier <a href="https://www.corenetglobal.org">https://www.corenetglobal.org</a>
Public note View the website free of charge at www.corenetglobal.org...
942 ## - ADDED ENTRY ELEMENTS (KOHA)
Suppress in OPAC 0
Holdings
Withdrawn status Lost status Source of classification or shelving scheme Damaged status Not for loan Home library Current library Shelving location Date acquired Total Checkouts Full call number Barcode Date last seen Copy number Price effective from Koha item type
    Dewey Decimal Classification     Virtual Virtual Online 15/07/2002   WEB SITE 118820-2001 06/08/2019 1 06/08/2019 Online material